000 00514nam a2200205Ia 4500
005 20260220101857.0
008 008 250917s9999 xx 000 0 eng d
020 _a978-0-19-778167-8
037 _cDSWL
040 _aDSWL
_beng
_cDSWL
041 _aeng
_2eng
084 _qDSWL
100 _aSchimel, Joshua
_91116432
245 0 _aWriting Science
260 _aUSA,
_bOxford University Press,
_c2024
300 _axiv,221p.
365 _aINR
_b1450
942 _cTEXL
_2CC
999 _c1463851
_d1463851